La dirección de la empresa / (Record no. 35932)

MARC details
000 -LEADER
campo de control de longitud fija 00577nam a2200181 i 4500
001 - NÚMERO DE CONTROL
campo de control 35932
003 - IDENTIFICADOR DE NÚMERO DE CONTROL
campo de control ES-MaACL
005 - FECHA Y HORA DE LA ÚLTIMA TRANSACCIÓN
campo de control 20230906155241.0
007 - CAMPO FIJO DE DESCRIPCIÓN FÍSICA--INFORMACIÓN GENERAL
campo de control de longitud fija t|
008 - DATOS DE LONGITUD FIJA--INFORMACIÓN GENERAL
campo de control de longitud fija 030214s1966 sp ||||1| spa d
100 1# - ENTRADA PRINCIPAL--NOMBRE DE PERSONA
Nombre de persona Broedner, Ernst.
9 (RLIN) 31864
245 13 - MENCIÓN DEL TÍTULO
Título La dirección de la empresa /
Mención de responsabilidad, etc. Ernst Broedner ; traducción Benjamín Costa ; revisión Andrés Lozano Gapazo.
260 ## - PUBLICACIÓN, DISTRIBUCIÓN, ETC.
Lugar de publicación, distribución, etc. [Barcelona] :
Nombre del editor, distribuidor, etc. Sagitario,
Fecha de publicación, distribución, etc. [1966]
300 ## - DESCRIPCIÓN FÍSICA
Extensión 167 p. ;
Dimensiones 22 cm.
700 1# - ENTRADA AGREGADA--NOMBRE PERSONAL
Nombre de persona Costa, Benjamín.
9 (RLIN) 41043
700 1# - ENTRADA AGREGADA--NOMBRE PERSONAL
Nombre de persona Lozano Gapazo, Andrés.
9 (RLIN) 74442
852 ## - LOCALIZACIÓN
Ubicación ES-MaACL
Número de control de estantería C-30276
Sublocalización o colección R.60855
Holdings
Estatus retirado Estado de pérdida Estado de daño No para préstamo Biblioteca de origen Biblioteca actual Ubicación en estantería Fecha de adquisición Fuente de adquisición Total de préstamos Signatura topográfica completa Código de barras Visto por última vez Precio de reemplazo Tipo de ítem Koha
        Biblioteca del Ateneo de Madrid Biblioteca del Ateneo de Madrid Depósito 2 17/01/2008     C-30276 1037667 23/02/2023 23/02/2023 Libro impreso